000 01286nam0a2200337 4500
001 RU\NLR\BIBL_A\022366756
005 20250605134612.0
010 _a978-5-389-16000-2
_92000
021 _aRU
_bКН-П-24-054659
_9КН-П-24-5445
035 _a(NLR Aleph) 022366756
090 _a13425295
_c13425295
100 _a20241029d2024 u y0rusy50 ca
101 1 _arus
_cita
102 _aRU
105 _ay|||z|||000ay
181 0 _ai
_baxxe
182 0 _an
200 1 _aУбить отца
_eроман
_fСандроне Дациери
_gперевод с итальянского Любови Карцивадзе
203 _aТекст
_bвизуальный
_cнепосредственный
210 _aСанкт-Петербург
_cАзбука-Аттикус, Азбука
_d2024
215 _a507, [2] с.
_d22
225 1 _aЗвезды мирового детектива
320 _aДругие кн. авт. на 2-й с.
333 _a16+
686 1 _aШ6(4Ит)67-446{Лх1609-60}
700 1 _7ca
_8rus
_aДациери
_bС.
_f1964-
_gСандроне
_9218948
_3RU\NLR\AUTH\770219004
942 _cBOOK
980 _aNB